000 00506nam a2200181Ia 4500
005 20260415160329.0
008 008 250505s9999 xx 000 0 eng d
037 _aTextual
040 _aFEDL
_beng
_cFEDL
041 _aeng
_2eng
084 _a750.9438 PIO
_qFEDL
100 _aPiotrowska Irena
_9755686
245 0 _aArt of poland
260 _aNew York, USA
_bPhilosophical Library
_c1947
300 _a238p.
942 _cTEXL
_h750.9438 PIO
999 _c1321743
_d1321743